Pedagogía del oprimido /
Gespeichert in:
| 1. Verfasser: | |
|---|---|
| Format: | Unbekannt |
| Sprache: | Spanish |
| Veröffentlicht: |
Montevideo :
Siglo Veintiuno Editores,
1979.
|
| Ausgabe: | 22 edición |
| Schlagworte: | |
| Tags: |
Tag hinzufügen
Keine Tags, Fügen Sie den ersten Tag hinzu!
|
MARC
| LEADER | 000000000a22000000004500 | ||
|---|---|---|---|
| 001 | 011820 | ||
| 020 | |a 9682302366 | ||
| 041 | 0 | |a spa | |
| 082 | 0 | 4 | |a 370.1 |b F866p22 |
| 100 | 1 | |a Freire, Paulo, |d 1921-1997 | |
| 245 | 1 | 0 | |a Pedagogía del oprimido / |c Paulo Freire. |
| 250 | |a 22 edición | ||
| 260 | 1 | |a Montevideo : |b Siglo Veintiuno Editores, |c 1979. | |
| 300 | |a 245 páginas ; |c 18 cm. | ||
| 500 | |a Material disponible en BCMA | ||
| 650 | 4 | |a FILOSOFIA DE LA EDUCACION | |
| 650 | 4 | |a LIBERTAD | |
| 500 | |a Colección George Yúdice | ||
| 999 | |c 17848 |d 17848 | ||
| 942 | |c BK |h 370.1 F866p22 |2 z | ||



